书目信息 |
| 题名: |
新课标高中英语词汇精解
|
|
| 作者: | 高凌 主编 | |
| 分册: | ||
| 出版信息: | 北京 世界知识出版社 2006 |
|
| 页数: | 620页 | |
| 开本: | 21cm | |
| 丛书名: | ||
| 单 册: | ||
| 中图分类: | G634.413 | |
| 科图分类: | ||
| 主题词: | 英语--词汇--高中--教学参考资料 , 英语 | |
| 电子资源: | ||
| ISBN: | 7-5012-2976-7 | |
| 000 | 00733nam0 2200241 450 | |
| 000 | 00800nam0 2200241 450 | |
| 000 | 00729nam0 2200217 450 | |
| 000 | 00693oam2 2200205 45 | |
| 005 | 20070803140009.56 | |
| 010 | @a7-5012-2976-7@dCNY29.00 | |
| 100 | @a20070729d2006 em y0chiy0120 ea | |
| 101 | 2 | @achi@aeng |
| 102 | @aCN@b110000 | |
| 105 | @ay z 000yy | |
| 200 | 1 | @a新课标高中英语词汇精解@AXin Ke Biao Gao Zhong Ying Yu Ci Hui Jing Jie@f高凌主编@FGao Ling Zhu Bian |
| 210 | @a北京@c世界知识出版社@d2006 | |
| 215 | @a620页@d21cm | |
| 606 | 0 | @a英语@x词汇@x高中@j教学参考资料 |
| 606 | 0 | @a英语 |
| 690 | @aG634.413@v4 | |
| 701 | 0 | @a高凌@AGao Ling@4主编 |
| 801 | 0 | @aCN@bTAOJIN@c20070803 |
| 905 | @a10447@dG634.413@e1026 | |
| 新课标高中英语词汇精解/高凌主编.-北京:世界知识出版社,2006 |
| 620页;21cm |
| ISBN 7-5012-2976-7:CNY29.00 |
| ● |
| 相关链接 |
|
|
|
|
正题名:新课标高中英语词汇精解
索取号:G634.413/1026
 
预约/预借
| 序号 | 登录号 | 条形码 | 馆藏地/架位号 | 状态 | 备注 |
| 1 | 0826593 | 208265937 | 第一样本阅览室/ [索取号:G634.413/1026] | 在馆 | |
| 2 | 0826594 | 208265946 | 第四借阅区/ [索取号:G634.413/1026] | 在馆 | |
| 3 | 0826595 | 208265955 | 第四借阅区/ [索取号:G634.413/1026] | 在馆 | |
| 4 | 0826596 | 208265964 | 第四借阅区/ [索取号:G634.413/1026] | 在馆 | |
| 5 | 0826597 | 208265973 | 第四借阅区/ [索取号:G634.413/1026] | 在馆 |